000 00650nam a22001577a 4500
003 macl
005 20200215130408.0
008 200215b xxu||||| |||| 00| 0 eng d
040 _cmacl
100 _aसिन्हा महेश प्रसाद
_978232
245 _aस्वाधीनता आंदोलन और प्रतिबंधित हिन्दी उपन्यास
260 _aनई दिल्ली
_bलक्की इंटरनेशनल
_c2015
600 _aमहेश प्रसाद सिन्हा
_978233
650 _aउपन्यास साहित्य
_9100
942 _2ddc
_cHIN
999 _c62092
_d62092